| 000 | 00790nam a2200253 i 4500 | ||
|---|---|---|---|
| 001 | 17648 | ||
| 003 | ES-MaACL | ||
| 005 | 20250813063734.0 | ||
| 007 | t| | ||
| 008 | 010419s2001 sp ||||1| spa d | ||
| 020 | _a84-7844-541-2 | ||
| 080 | _a008"19" | ||
| 100 | 1 |
_aSteiner, George, _d1929-2020 _9108052 |
|
| 245 | 1 | 0 |
_aNostalgia del absoluto / _cGeorge Steiner ; traducción de María Tabuyo y Agustín López. |
| 260 |
_aMadrid : _bSiruela, _c[2001] |
||
| 300 |
_a133 p. ; _c15 cm. |
||
| 490 | 1 |
_aBiblioteca de ensayo ; _v12 |
|
| 650 | 1 | 4 |
_aCivilización- _yS.XX. _911085 |
| 700 | 1 |
_aTabuyo, María _9109044 |
|
| 700 | 1 |
_aLópez, Agustín _973297 |
|
| 830 | 0 |
_aBiblioteca de ensayo ; _v12 _9178029 |
|
| 852 |
_aES-MaACL _jL-24439 _bR.130033 |
||
| 999 |
_c17648 _d17648 |
||